000 00497nam a2200193Ia 4500
008 101110s9999 xx 000 0 und d
041 _aENGLISH
082 _bSR11567
_a658
100 _aThacker, Shah
245 _aAccounting and Financial Management II
365 _b21
520 _aCommerce
546 _aENGLISH
630 _aAccounting and Financial Management II
650 _aCommerce
655 _aCommerce
730 _aAccounting and Financial Management II
942 _cBOOK
999 _c806280
_d806277